Elements of power system analysis (Record no. 3209)

000 -LEADER
fixed length control field 00596nam a2200217 a 4500
001 - CONTROL NUMBER
control field 3209
003 - CONTROL NUMBER IDENTIFIER
control field BD-DhUET
008 - FIXED-LENGTH DATA ELEMENTS--GENERAL INFORMATION
fixed length control field 810331s1982 nyua 001 0 eng
020 ## - INTERNATIONAL STANDARD BOOK NUMBER
International Standard Book Number 0070612781
020 ## - INTERNATIONAL STANDARD BOOK NUMBER
International Standard Book Number 007061279X
040 ## - CATALOGING SOURCE
Original cataloging agency DLC
Transcribing agency DLC
Modifying agency BD-DhUET
082 00 - DEWEY DECIMAL CLASSIFICATION NUMBER
Classification number 623.12
Item number STE/1982
100 1# - MAIN ENTRY--PERSONAL NAME
Personal name Stevenson, William D.
245 10 - TITLE STATEMENT
Title Elements of power system analysis
250 ## - EDITION STATEMENT
Edition statement 4th ed.
260 ## - PUBLICATION, DISTRIBUTION, ETC. (IMPRINT)
Place of publication, distribution, etc. New York
Name of publisher, distributor, etc. McGraw-Hill
Date of publication, distribution, etc. 1982
300 ## - PHYSICAL DESCRIPTION
Extent xii, 436 p.
Other physical details ill.
Dimensions 25 cm.
490 ## - SERIES STATEMENT
Series statement McGRAW-HILL series in electrical engineering
650 #0 - SUBJECT ADDED ENTRY--TOPICAL TERM
Topical term or geographic name as entry element Electric power system stability
942 ## - ADDED ENTRY ELEMENTS (KOHA)
Koha item type General Book
Holdings
Koha date last seen Koha renewals Source of classification or shelving scheme Shelving location Koha issues (times borrowed) Piece designation (barcode) Date acquired Price effective from Copy number Lost status Withdrawn status Sublocation or collection (holding branch) Not for loan Koha date last borrowed Koha full call number Koha item type Location (home branch) Koha normalized classification for sorting Damaged status
2021-09-27  Circulation section521103132014-10-222014-10-221  Central Library, BUET 2021-09-27623.12/STE/1982General BookCentral Library, BUET623_120000000000000_STE_1982 
2015-02-10  Circulation section 691782015-02-102015-02-102  Central Library, BUET  623.12/STE/1982General BookCentral Library, BUET623_120000000000000_STE_1982 
2021-08-312 Circulation section2278208 2015-02-112015-02-113  Central Library, BUET 2021-08-31623.12/STE/1982General BookCentral Library, BUET623_120000000000000_STE_1982 
2015-06-24  Reading section 673862015-06-242015-06-244  Central Library, BUET  623.12/STE/1982Reading ItemCentral Library, BUET623_120000000000000_STE_1982 
2015-06-24  Reading section 673842015-06-242015-06-245  Central Library, BUET  623.12/STE/1982Reading ItemCentral Library, BUET623_120000000000000_STE_1982 
2015-06-24  Reading section 673852015-06-242015-06-246  Central Library, BUET  623.12/STE/1982Reading ItemCentral Library, BUET623_120000000000000_STE_1982 
2015-06-24  Reading section 639052015-06-242015-06-247  Central Library, BUET  623.12/STE/1982Reading ItemCentral Library, BUET623_120000000000000_STE_1982 
2015-06-25  Reading section 639062015-06-252015-06-258  Central Library, BUET  623.12/STE/1982Reading ItemCentral Library, BUET623_120000000000000_STE_1982 
2015-06-25  Reading section 639072015-06-252015-06-259  Central Library, BUET  623.12/STE/1982Reading ItemCentral Library, BUET623_120000000000000_STE_1982 
2015-06-28  Reading section 639082015-06-282015-06-2810  Central Library, BUET  623.12/STE/1982Reading ItemCentral Library, BUET623_120000000000000_STE_1982